000 00365 a2200157 4500
001 67177
020 _a8586303100
040 _cAnchieta - Pituba
100 _aMachado, Nílson José
240 1 0 _aCidadania e educação
_l
245 1 0 _aCidadania e educação
300 _a191
362 0 _a2002
650 4 _aCidadania e tópicos relacionados
942 _cBK
999 _c67177
_d67177